[Event "DVM U20 2019"]
[Site "Braunschweig"]
[Date "2019.12.27"]
[Round "2"]
[White "Ließ, Alexander"]
[Black "Döpper, Anna Bérénice"]
[Result "1/2-1/2"]
[WhiteElo "1852"]
[BlackElo "1855"]
[Annotator "NA"]
[PlyCount "55"]
[EventDate "2019.12.27"]
[EventType "team-tourn"]
[EventRounds "7"]
[EventCountry "GER"]
[SourceTitle "playchess.com"]
[Source "ChessBase"]
[SourceQuality "1"]
[WhiteTeam "SC Bavaria Regensburg"]
[BlackTeam "SF Essen-Katernberg"]
[TimeControl "40/5400+30:1800+30"]

1. d4 e6 {[%emt 0:00:00]} 2. c4 {[%emt 0:00:00]} d5 {[%emt 0:00:00]} 3. Nf3 c5 4. cxd5 {[%emt 0:00:53]} exd5 {[%emt 0:00:00]} 5. Nc3 {[%emt 0:01:14]} Nc6 {[%emt 0:00:00]} 6. g3 {[%emt 0:00:19]} Nf6 {[%emt 0:00:00]} 7. Bg2 {[%emt 0:01:09]} Be7 {[%emt 0:00:03]} 8. O-O {[%emt 0:01:44]} O-O {[%emt 0:00:07]} 9. b3 {[%emt 0:07:33]} b6 {[%emt 0:09:45]} 10. Bb2 {[%emt 0:03:59]} Bb7 {[%emt 0:00:58]} 11. Rc1 {[%emt 0:04:33]} Na5 {[%emt 0:04:26]} 12. dxc5 {[%emt 0:18:50]} bxc5 {[%emt 0:00:32]} 13. Na4 {[%emt 0:00:43]} c4 {[%emt 0:05:53]} 14. Ne5 {[%emt 0:16:25]} cxb3 {[%emt 0:12:48]} 15. axb3 {[%emt 0:00:08]} Rc8 {[%emt 0:07:58]} 16. Rxc8 {[%emt 0:09:36]} Bxc8 {[%emt 0:05:31]} 17. Bd4 {[%emt 0:02:49]} Qc7 {[%emt 0:06:56]} 18. Nd3 {[%emt 0:04:57]} Be6 {[%emt 0:05:23]} 19. Nf4 {[%emt 0:03:13]} Rb8 {[%emt 0:01:36]} 20. Bxf6 {[%emt 0:05:22]} Bxf6 {[%emt 0:00:20]} 21. Nxd5 {[%emt 0:01:09]} Qe5 {[%emt 0:01:10]} 22. Nc5 {[%emt 0:02:30]} Rb5 {[%emt 0:02:40]} 23. Nxf6+ {[%emt 0:01:33]} gxf6 {[%emt 0:02:32]} 24. b4 {[%emt 0:02:34]} Nc4 {[%emt 0:00:23]} 25. Qa4 {[%emt 0:02:43]} Rb6 {[%emt 0:02:14]} 26. Nd3 {[%emt 0:04:45]} Qxe2 {[%emt 0:02:06]} 27. Nf4 {[%emt 0:00:06]} Qe5 {[%emt 0:06:19]} 28. Qxa7 {[%emt 0:02:14] normal} 1/2-1/2

[Event "DVM U20 2019"]
[Site "Braunschweig"]
[Date "2019.12.27"]
[Round "2"]
[White "Düro, Liam"]
[Black "Freiherr von Hauff, Christopher"]
[Result "1/2-1/2"]
[WhiteElo "1841"]
[BlackElo "1868"]
[Annotator "NA"]
[PlyCount "170"]
[EventDate "2019.12.27"]
[EventType "team-tourn"]
[EventRounds "7"]
[EventCountry "GER"]
[SourceTitle "playchess.com"]
[Source "ChessBase"]
[SourceQuality "1"]
[WhiteTeam "SG Trier"]
[BlackTeam "SK Bebenhausen"]
[TimeControl "40/5400+30:1800+30"]

1. d4 {[%emt 0:00:00]} Nf6 {[%emt 0:00:00]} 2. Nf3 {[%emt 0:00:00]} c5 {[%emt 0:00:43]} 3. e3 {[%emt 0:00:00]} e6 {[%emt 0:02:34]} 4. c4 {[%emt 0:00:11]} d5 {[%emt 0:03:22]} 5. Nc3 {[%emt 0:00:11]} Nc6 {[%emt 0:02:08]} 6. a3 {[%emt 0:01:03]} Be7 {[%emt 0:08:10]} 7. dxc5 {[%emt 0:00:13]} Bxc5 {[%emt 0:02:10]} 8. b4 {[%emt 0:00:09]} Bb6 {[%emt 0:04:29]} 9. Bb2 {[%emt 0:01:09]} O-O {[%emt 0:02:18]} 10. c5 {[%emt 0:00:17]} Bc7 {[%emt 0:00:23]} 11. Bb5 {[%emt 0:01:47]} e5 {[%emt 0:05:53]} 12. O-O {[%emt 0:02:33]} e4 {[%emt 0:02:40]} 13. Bxc6 {[%emt 0:00:54]} bxc6 {[%emt 0:03:13]} 14. Nd2 {[%emt 0:11:06]} Bxh2+ {[%emt 0:04:18]} 15. Kxh2 {[%emt 0:04:21]} Ng4+ {[%emt 0:00:34]} 16. Kg3 {[%emt 0:09:04]} Qg5 {[%emt 0:01:39]} 17. Ncxe4 {[%emt 0:06:49]} dxe4 {[%emt 0:04:31]} 18. Nxe4 {[%emt 0:01:47]} Qg6 {[%emt 0:01:10]} 19. Qd4 {[%emt 0:02:42]} Nf6+ {[%emt 0:06:13]} 20. Kh2 {[%emt 0:01:48]} Qxe4 {[%emt 0:00:46]} 21. Qd6 {[%emt 0:01:12]} Ba6 {[%emt 0:09:19]} 22. Rfd1 {[%emt 0:01:04]} Ng4+ {[%emt 0:04:24]} 23. Kg3 {[%emt 0:02:08]} Nh6 {[%emt 0:01:00]} 24. Kh2 {[%emt 0:01:37]} Qg6 {[%emt 0:00:18]} 25. Qd7 {[%emt 0:05:53]} Bc8 {[%emt 0:04:51]} 26. Qc7 {[%emt 0:00:39]} Bg4 {[%emt 0:01:37]} 27. Rd6 {[%emt 0:02:55]} Qh5+ {[%emt 0:01:26]} 28. Kg1 {[%emt 0:00:35]} Rfc8 {[%emt 0:02:47]} 29. Qb7 {[%emt 0:01:21]} Be6 {[%emt 0:01:27]} 30. Rxe6 {[%emt 0:00:32]} Rcb8 {[%emt 0:04:57]} 31. Qc7 {[%emt 0:01:43]} a5 {[%emt 0:06:40]} 32. Qe5 {[%emt 0:05:31]} Qxe5 {[%emt 0:00:33]} 33. Rxe5 {[%emt 0:00:11]} Kf8 {[%emt 0:01:39]} 34. Re4 {[%emt 0:01:41]} f5 {[%emt 0:01:26]} 35. Rd4 {[%emt 0:01:42]} Ng4 {[%emt 0:01:15]} 36. Rad1 {[%emt 0:01:06]} axb4 {[%emt 0:00:44]} 37. axb4 {[%emt 0:01:04]} Ra2 {[%emt 0:00:38]} 38. Rd8+ {[%emt 0:01:11]} Rxd8 {[%emt 0:00:32]} 39. Rxd8+ {[%emt 0:00:07]} Ke7 {[%emt 0:00:04]} 40. Rd2 {[%emt 0:00:17]} Ke8 {[%emt 0:02:50]} 41. Kf1 {[%emt 0:30:58]} g6 {[%emt 0:31:25]} 42. Ke2 {[%emt 0:01:02]} Ra4 {[%emt 0:00:31]} 43. f3 {[%emt 0:01:18]} Nh6 {[%emt 0:00:13]} 44. Bc3 {[%emt 0:00:24]} Ra3 {[%emt 0:01:00]} 45. Kd3 {[%emt 0:01:11]} Nf7 {[%emt 0:00:12]} 46. Kc4 {[%emt 0:00:32]} Ke7 {[%emt 0:00:25]} 47. Rd3 {[%emt 0:02:29]} Ra2 {[%emt 0:00:12]} 48. Rd2 {[%emt 0:00:43]} Ra3 {[%emt 0:00:13]} 49. Rb2 {[%emt 0:02:13]} Ra4 {[%emt 0:00:37]} 50. Kb3 {[%emt 0:00:40]} Ra7 {[%emt 0:00:38]} 51. Rd2 {[%emt 0:00:17]} Rb7 {[%emt 0:00:54]} 52. Rd1 {[%emt 0:00:50]} Ke6 {[%emt 0:02:34]} 53. Ra1 {[%emt 0:00:37]} Rd7 {[%emt 0:01:22]} 54. Ra6 {[%emt 0:01:18]} Kd5 {[%emt 0:00:00]} 55. Bd4 {[%emt 0:00:00]} f4 {[%emt 0:00:00]} 56. Kc3 {[%emt 0:00:00]} fxe3 {[%emt 0:00:00]} 57. Bxe3 {[%emt 0:00:00]} Re7 {[%emt 0:00:00]} 58. Bd4 {[%emt 0:00:00]} Nd8 {[%emt 0:00:00]} 59. b5 {[%emt 0:00:00]} Ne6 {[%emt 0:00:00]} 60. Bf2 {[%emt 0:00:00]} Nc7 {[%emt 0:00:00]} 61. Ra2 {[%emt 0:00:00]} Nxb5+ {[%emt 0:00:00]} 62. Kb4 {[%emt 0:00:00]} Rb7 {[%emt 0:00:00]} 63. Rd2+ {[%emt 0:00:00]} Ke6 {[%emt 0:00:00]} 64. Ka5 {[%emt 0:00:00]} Rd7 {[%emt 0:00:00]} 65. Re2+ {[%emt 0:00:00]} Kd5 {[%emt 0:00:00]} 66. Kb6 {[%emt 0:00:00]} Na3 {[%emt 0:00:00]} 67. Rd2+ {[%emt 0:00:00]} Ke6 {[%emt 0:00:00]} 68. Rd6+ {[%emt 0:00:00]} Rxd6 {[%emt 0:00:00]} 69. cxd6 {[%emt 0:00:00]} Nc4+ {[%emt 0:00:00]} 70. Kxc6 {[%emt 0:00:00]} Nxd6 {[%emt 0:00:00]} 71. Kc7 {[%emt 0:00:00]} Nf7 {[%emt 0:00:00]} 72. Be3 {[%emt 0:00:00]} Ke7 {[%emt 0:00:00]} 73. Kc6 {[%emt 0:00:00]} Ke6 {[%emt 0:03:28]} 74. Kc5 {[%emt 0:00:00]} Ne5 {[%emt 0:00:13]} 75. Kd4 {[%emt 0:00:00]} Kf5 {[%emt 0:00:30]} 76. Bc1 {[%emt 0:00:47]} h5 {[%emt 0:00:27]} 77. Ke3 {[%emt 0:00:15]} Nc6 {[%emt 0:00:50]} 78. Kf2 {[%emt 0:00:52]} Nb4 {[%emt 0:00:22]} 79. Bd2 {[%emt 0:02:34]} Nd5 {[%emt 0:00:42]} 80. Kg3 {[%emt 0:00:47]} g5 {[%emt 0:01:29]} 81. Kf2 {[%emt 0:01:28]} Nf6 {[%emt 0:01:21]} 82. Bc3 {[%emt 0:02:38]} Nd5 {[%emt 0:00:36]} 83. Bd2 Nf6 84. g4+ Nxg4+ 85. fxg4+ Kxg4 {normal} 1/2-1/2

[Event "DVM U20 2019"]
[Site "Braunschweig"]
[Date "2019.12.27"]
[Round "2"]
[White "Genov, Valentin"]
[Black "von Angern, Cedric"]
[Result "0-1"]
[WhiteElo "1829"]
[BlackElo "1867"]
[Annotator "NA"]
[PlyCount "55"]
[EventDate "2019.12.27"]
[EventType "team-tourn"]
[EventRounds "7"]
[EventCountry "GER"]
[SourceTitle "playchess.com"]
[Source "ChessBase"]
[SourceQuality "1"]
[WhiteTeam "Hamburger SK"]
[BlackTeam "SG Aufbau Elbe Magdeburg"]
[TimeControl "40/5400+30:1800+30"]

1. d4 {[%emt 0:00:00]} Nf6 {[%emt 0:00:00]} 2. c4 {[%emt 0:00:00]} g6 {[%emt 0:00:00]} 3. Nc3 {[%emt 0:00:00]} d5 {[%emt 0:00:00]} 4. Nf3 {[%emt 0:00:22]} Bg7 {[%emt 0:00:15]} 5. Bg5 {[%emt 0:02:38]} Ne4 {[%emt 0:08:12]} 6. cxd5 {[%emt 0:00:09]} Nxc3 {[%emt 0:01:22]} 7. bxc3 {[%emt 0:00:21]} Qxd5 {[%emt 0:00:21]} 8. Bf4 {[%emt 0:20:49]} c5 {[%emt 0:07:16]} 9. e3 {[%emt 0:00:32]} O-O {[%emt 0:01:53]} 10. Be2 {[%emt 0:09:10]} cxd4 {[%emt 0:08:18]} 11. cxd4 {[%emt 0:02:07]} Be6 {[%emt 0:05:29]} 12. O-O {[%emt 0:02:23]} Nc6 {[%emt 0:03:12]} 13. Qd2 {[%emt 0:06:05]} Rfc8 {[%emt 0:03:12]} 14. Rfb1 {[%emt 0:16:58]} Qd7 {[%emt 0:05:05]} 15. Ng5 {[%emt 0:08:57]} Bf5 {[%emt 0:06:09]} 16. Bc4 {[%emt 0:05:51]} Nd8 {[%emt 0:04:57]} 17. Rc1 {[%emt 0:03:26]} e5 {[%emt 0:03:36]} 18. e4 {[%emt 0:06:15]} exf4 {[%emt 0:03:35]} 19. exf5 {[%emt 0:00:18]} Qxf5 {[%emt 0:03:39]} 20. Nf3 {[%emt 0:02:00]} Nc6 {[%emt 0:08:27]} 21. Rab1 {[%emt 0:03:48]} Rab8 {[%emt 0:08:53]} 22. Rb5 {[%emt 0:02:53]} Qf6 {[%emt 0:04:16]} 23. Ne5 {[%emt 0:02:35]} Nxe5 {[%emt 0:02:02]} 24. dxe5 {[%emt 0:00:12]} Qe7 {[%emt 0:03:34]} 25. Qxf4 {[%emt 0:00:42]} Rc7 {[%emt 0:02:28] normal} 26. Rd1 Rbc8 {[%emt 0:03:22]} 27. Bb3 {[%emt 0:00:11] normal} Rc5 {[%emt 0:01:12]} 28. Rxc5 {[%emt 0:00:06] normal} 0-1

[Event "DVM U20 2019"]
[Site "Braunschweig"]
[Date "2019.12.27"]
[Round "2"]
[White "Hamkar, Mehran"]
[Black "Kracht, Raphael"]
[Result "1/2-1/2"]
[WhiteElo "1814"]
[BlackElo "2031"]
[Annotator "NA"]
[PlyCount "128"]
[EventDate "2019.12.27"]
[EventType "team-tourn"]
[EventRounds "7"]
[EventCountry "GER"]
[SourceTitle "playchess.com"]
[Source "ChessBase"]
[SourceQuality "1"]
[WhiteTeam "SF Augsburg"]
[BlackTeam "SF Brackel"]
[TimeControl "40/5400+30:1800+30"]

1. e4 {[%emt 0:00:00]} e5 {[%emt 0:00:00]} 2. Nf3 {[%emt 0:00:00]} Nc6 {[%emt 0:00:00]} 3. d4 {[%emt 0:00:00]} exd4 {[%emt 0:00:00]} 4. Bc4 {[%emt 0:00:00]} Nf6 {[%emt 0:00:00]} 5. e5 {[%emt 0:00:09]} d5 {[%emt 0:00:00]} 6. Bb5 {[%emt 0:00:09]} Ne4 {[%emt 0:00:00]} 7. Nxd4 {[%emt 0:00:09]} Bc5 {[%emt 0:00:02]} 8. Be3 {[%emt 0:00:15]} O-O {[%emt 0:00:41]} 9. Nxc6 {[%emt 0:00:25]} bxc6 {[%emt 0:00:06]} 10. Bxc5 {[%emt 0:00:23]} Nxc5 {[%emt 0:00:06]} 11. Bxc6 {[%emt 0:00:22]} Rb8 {[%emt 0:00:18]} 12. Qxd5 {[%emt 0:11:41]} Qe7 {[%emt 0:00:39]} 13. O-O {[%emt 0:04:34]} Rd8 {[%emt 0:14:24]} 14. Qf3 {[%emt 0:01:12]} Ne6 {[%emt 0:04:47]} 15. Qc3 {[%emt 0:26:31]} Nd4 {[%emt 0:17:11]} 16. Re1 {[%emt 0:04:33]} Rb6 {[%emt 0:16:26]} 17. Be4 {[%emt 0:07:36]} Ba6 {[%emt 0:03:56]} 18. Qh3 {[%emt 0:19:59]} Ne2+ {[%emt 0:04:29]} 19. Kh1 {[%emt 0:00:34]} Rh6 {[%emt 0:06:07]} 20. Qe3 {[%emt 0:03:36]} Kh8 {[%emt 0:14:36]} 21. Bd3 {[%emt 0:11:57]} Qh4 {[%emt 0:08:36]} 22. h3 {[%emt 0:00:20]} Bxd3 {[%emt 0:01:42]} 23. cxd3 {[%emt 0:00:06]} Nd4 {[%emt 0:00:10]} 24. Na3 {[%emt 0:00:23]} Nf5 {[%emt 0:01:25]} 25. Qf3 {[%emt 0:00:14]} Qg5 {[%emt 0:02:26]} 26. Rad1 {[%emt 0:01:19]} Nh4 {[%emt 0:00:36]} 27. Qg3 {[%emt 0:01:05]} Qe7 {[%emt 0:00:17]} 28. Re4 {[%emt 0:00:38]} Nf5 {[%emt 0:01:57]} 29. Qf3 {[%emt 0:00:23]} Nd4 {[%emt 0:00:08]} 30. Qg4 {[%emt 0:00:58]} Rg6 {[%emt 0:00:29]} 31. Qh4 {[%emt 0:00:41]} Qd7 {[%emt 0:00:51]} 32. Nc4 {[%emt 0:00:34]} c5 {[%emt 0:01:08]} 33. e6 {[%emt 0:01:19]} Nxe6 {[%emt 0:01:03]} 34. Ne5 {[%emt 0:00:14]} Rh6 {[%emt 0:01:31]} 35. Nxd7 {[%emt 0:01:05]} Rxh4 {[%emt 0:00:04]} 36. Rxh4 {[%emt 0:00:12]} Rxd7 {[%emt 0:00:03]} 37. b4 {[%emt 0:02:13]} g5 {[%emt 0:00:14]} 38. Rc4 {[%emt 0:00:16]} cxb4 39. Rxb4 {[%emt 0:00:13]} Kg7 {[%emt 0:00:16]} 40. h4 {[%emt 0:02:36]} h6 {[%emt 0:00:24]} 41. hxg5 {[%emt 0:04:04]} hxg5 {[%emt 0:00:07]} 42. d4 {[%emt 0:02:54]} Kf6 {[%emt 0:00:34]} 43. g3 {[%emt 0:01:12]} Ke7 {[%emt 0:02:39]} 44. Kg2 {[%emt 0:11:16]} Kd6 {[%emt 0:02:54]} 45. Kf3 {[%emt 0:01:14]} f5 {[%emt 0:01:14]} 46. Ke3 {[%emt 0:04:43]} Nc7 {[%emt 0:07:26]} 47. Kd3 {[%emt 0:00:52]} Nd5 {[%emt 0:01:09]} 48. Rc4 {[%emt 0:00:54]} Rb7 {[%emt 0:01:05]} 49. Ra4 {[%emt 0:02:55]} Rc7 {[%emt 0:02:07]} 50. Rc4 {[%emt 0:01:08]} Rb7 {[%emt 0:00:05]} 51. Kd2 {[%emt 0:02:57]} Rb2+ {[%emt 0:00:56]} 52. Rc2 {[%emt 0:00:08]} Rb4 {[%emt 0:01:01]} 53. Ke2 {[%emt 0:00:11]} Ra4 {[%emt 0:01:07]} 54. Rdd2 {[%emt 0:00:29]} Ra3 {[%emt 0:01:31]} 55. Rd3 {[%emt 0:01:27]} Ra4 {[%emt 0:00:43]} 56. Rdd2 {[%emt 0:00:07]} Ra3 {[%emt 0:00:10]} 57. Ke1 {[%emt 0:00:19]} Nb4 {[%emt 0:04:20]} 58. Rc4 {[%emt 0:00:37]} Nxa2 {[%emt 0:02:51]} 59. Rc5 {[%emt 0:01:02]} Nc3 {[%emt 0:00:25]} 60. f3 {[%emt 0:00:22]} Nd5 {[%emt 0:01:24]} 61. Kf2 {[%emt 0:00:14]} a5 {[%emt 0:04:37]} 62. g4 {[%emt 0:01:02]} fxg4 {[%emt 0:00:19]} 63. fxg4 {[%emt 0:00:05] normal} Nf6 {[%emt 0:01:03]} 64. Re2 {[%emt 0:00:41]} Nxg4+ {[%emt 0:00:05] normal} 1/2-1/2

[Event "DVM U20 2019"]
[Site "Braunschweig"]
[Date "2019.12.27"]
[Round "2"]
[White "Gallas, Noel"]
[Black "Gabler, Eric"]
[Result "1/2-1/2"]
[WhiteElo "1785"]
[BlackElo "2064"]
[Annotator "NA"]
[PlyCount "60"]
[EventDate "2019.12.27"]
[EventType "team-tourn"]
[EventRounds "7"]
[EventCountry "GER"]
[SourceTitle "playchess.com"]
[Source "ChessBase"]
[SourceQuality "1"]
[WhiteTeam "SF Essen-Katernberg"]
[BlackTeam "SC Bavaria Regensburg"]
[TimeControl "40/5400+30:1800+30"]

1. e4 {[%emt 0:00:00]} c5 {[%emt 0:00:00]} 2. c3 {[%emt 0:00:00]} d5 {[%emt 0:00:00]} 3. exd5 {[%emt 0:00:00]} Qxd5 {[%emt 0:00:01]} 4. d4 {[%emt 0:00:01]} Nc6 {[%emt 0:00:43]} 5. Nf3 {[%emt 0:00:17]} Bg4 {[%emt 0:01:32]} 6. Be2 {[%emt 0:00:15]} Nf6 {[%emt 0:02:50]} 7. Be3 {[%emt 0:01:16]} cxd4 {[%emt 0:11:49]} 8. cxd4 {[%emt 0:00:29]} e6 {[%emt 0:00:34]} 9. O-O {[%emt 0:00:30]} Be7 {[%emt 0:02:14]} 10. Nc3 {[%emt 0:01:38]} Qd8 {[%emt 0:11:04]} 11. Qb3 {[%emt 0:02:13]} Qb6 {[%emt 0:06:03]} 12. Qxb6 {[%emt 0:07:44]} axb6 {[%emt 0:00:06]} 13. Rfd1 {[%emt 0:00:53]} Nb4 {[%emt 0:04:46]} 14. h3 {[%emt 0:13:56]} Bf5 {[%emt 0:03:10]} 15. Bb5+ {[%emt 0:04:48]} Kf8 {[%emt 0:00:33]} 16. Rac1 {[%emt 0:04:01]} Nfd5 {[%emt 0:05:44]} 17. Nxd5 {[%emt 0:03:28]} Nxd5 {[%emt 0:00:14]} 18. Bc4 {[%emt 0:00:41]} Bd6 {[%emt 0:01:00]} 19. Bxd5 {[%emt 0:02:11]} exd5 {[%emt 0:02:31]} 20. a3 {[%emt 0:00:43]} f6 {[%emt 0:02:45]} 21. Rc3 {[%emt 0:01:16]} Ke7 {[%emt 0:03:54]} 22. Rdc1 {[%emt 0:01:45]} Rhc8 {[%emt 0:09:51]} 23. Nd2 {[%emt 0:05:34]} Rxc3 {[%emt 0:01:12]} 24. Rxc3 {[%emt 0:00:16]} Rc8 {[%emt 0:00:21]} 25. Rxc8 {[%emt 0:00:33]} Bxc8 {[%emt 0:00:06]} 26. Nb1 {[%emt 0:00:32]} Bd7 {[%emt 0:01:18]} 27. Nc3 {[%emt 0:00:17]} Bc6 {[%emt 0:01:48]} 28. Kf1 {[%emt 0:01:14]} Ke6 {[%emt 0:03:37]} 29. Ke2 {[%emt 0:00:52]} Be8 {[%emt 0:00:50]} 30. f4 {[%emt 0:03:37]} Bc7 {[%emt 0:05:27] normal} 1/2-1/2

[Event "DVM U20 2019"]
[Site "Braunschweig"]
[Date "2019.12.27"]
[Round "2"]
[White "Celik, Cem"]
[Black "Brüll, Elias"]
[Result "0-1"]
[WhiteElo "1767"]
[BlackElo "1797"]
[Annotator "NA"]
[PlyCount "32"]
[EventDate "2019.12.27"]
[EventType "team-tourn"]
[EventRounds "7"]
[EventCountry "GER"]
[SourceTitle "playchess.com"]
[Source "ChessBase"]
[SourceQuality "1"]
[WhiteTeam "SF Essen-Katernberg"]
[BlackTeam "SC Bavaria Regensburg"]
[TimeControl "40/5400+30:1800+30"]

1. e4 {[%emt 0:00:00]} c5 {[%emt 0:00:00]} 2. d4 {[%emt 0:00:00]} cxd4 {[%emt 0:00:00]} 3. c3 {[%emt 0:00:00]} dxc3 {[%emt 0:00:00]} 4. Nxc3 {[%emt 0:00:00]} d6 {[%emt 0:00:00]} 5. Bc4 {[%emt 0:00:00]} e6 {[%emt 0:00:08]} 6. Nf3 {[%emt 0:01:44]} Nc6 {[%emt 0:00:09]} 7. Bf4 {[%emt 0:01:01]} Be7 {[%emt 0:02:17]} 8. Qe2 {[%emt 0:00:35]} Nf6 {[%emt 0:01:28]} 9. h3 {[%emt 0:00:40]} e5 {[%emt 0:01:31]} 10. Bg5 {[%emt 0:02:27]} Be6 {[%emt 0:02:44]} 11. O-O {[%emt 0:05:03]} a6 {[%emt 0:02:27]} 12. Nd5 {[%emt 0:04:25]} Bxd5 {[%emt 0:11:31]} 13. exd5 {[%emt 0:05:06]} Nxd5 {[%emt 0:06:58]} 14. Bxe7 {[%emt 0:01:05]} Ndxe7 {[%emt 0:11:14]} 15. Ng5 {[%emt 0:01:39]} d5 {[%emt 0:03:09]} 16. Qf3 {[%emt 0:04:02]} O-O {[%emt 0:04:42] normal} 0-1

[Event "DVM U20 2019"]
[Site "Braunschweig"]
[Date "2019.12.27"]
[Round "2"]
[White "Dörp, Max Marian"]
[Black "Schubert, Bernhard"]
[Result "1/2-1/2"]
[WhiteElo "1767"]
[BlackElo "1586"]
[Annotator "NA"]
[PlyCount "68"]
[EventDate "2019.12.27"]
[EventType "team-tourn"]
[EventRounds "7"]
[EventCountry "GER"]
[SourceTitle "playchess.com"]
[Source "ChessBase"]
[SourceQuality "1"]
[WhiteTeam "Lübecker SV"]
[BlackTeam "USV TU Dresden"]
[TimeControl "40/5400+30:1800+30"]

1. Nf3 {[%emt 0:00:00]} d5 {[%emt 0:00:00]} 2. c4 {[%emt 0:00:00]} dxc4 {[%emt 0:00:32]} 3. Na3 {[%emt 0:00:00]} Nf6 {[%emt 0:01:03]} 4. Nxc4 {[%emt 0:00:00]} Bg4 {[%emt 0:01:12]} 5. Nce5 {[%emt 0:04:47]} Bxf3 {[%emt 0:01:15]} 6. Nxf3 {[%emt 0:00:07]} e6 {[%emt 0:00:52]} 7. Qb3 {[%emt 0:01:42]} Qd5 {[%emt 0:03:05]} 8. Qxd5 {[%emt 0:03:48]} exd5 {[%emt 0:00:20]} 9. a3 {[%emt 0:02:07]} Nc6 {[%emt 0:01:33]} 10. d4 {[%emt 0:01:08]} Be7 {[%emt 0:01:43]} 11. Bf4 {[%emt 0:01:50]} Rc8 {[%emt 0:01:26]} 12. h3 {[%emt 0:03:43]} O-O {[%emt 0:01:03]} 13. Rc1 {[%emt 0:00:36]} Rfd8 {[%emt 0:02:42]} 14. e3 {[%emt 0:01:10]} Nh5 {[%emt 0:07:04]} 15. Bh2 {[%emt 0:01:29]} Bd6 {[%emt 0:01:21]} 16. Bxd6 {[%emt 0:01:49]} Rxd6 {[%emt 0:00:08]} 17. Bd3 {[%emt 0:00:50]} Ne7 {[%emt 0:03:10]} 18. O-O {[%emt 0:03:30]} Rc6 {[%emt 0:03:42]} 19. Ne5 {[%emt 0:01:11]} Rxc1 {[%emt 0:01:39]} 20. Rxc1 {[%emt 0:00:06]} c6 21. b4 Nf6 {[%emt 0:17:15]} 22. f3 {[%emt 0:05:52]} Rc7 {[%emt 0:05:06]} 23. Be2 {[%emt 0:09:09]} Nd7 {[%emt 0:01:48]} 24. Nd3 {[%emt 0:01:19]} f6 {[%emt 0:01:50]} 25. Nf4 {[%emt 0:06:28]} Kf7 {[%emt 0:07:13]} 26. e4 {[%emt 0:06:05]} Nb6 {[%emt 0:03:13]} 27. Bd1 {[%emt 0:09:03]} g5 {[%emt 0:03:47]} 28. Nd3 {[%emt 0:03:35]} dxe4 {[%emt 0:02:40]} 29. Bb3+ {[%emt 0:01:05]} Kg6 {[%emt 0:01:28]} 30. fxe4 {[%emt 0:01:31]} Rd7 {[%emt 0:02:56]} 31. Nc5 {[%emt 0:02:49]} Rxd4 {[%emt 0:01:18]} 32. Nxb7 {[%emt 0:00:11]} Kg7 {[%emt 0:06:21]} 33. Nc5 {[%emt 0:01:47]} Kh6 {[%emt 0:02:53]} 34. Rf1 {[%emt 0:06:01]} Kg6 {[%emt 0:02:56] normal} 1/2-1/2

[Event "DVM U20 2019"]
[Site "Braunschweig"]
[Date "2019.12.27"]
[Round "2"]
[White "Kroschel, Anton"]
[Black "Peukert, Marc"]
[Result "1/2-1/2"]
[WhiteElo "1756"]
[BlackElo "1518"]
[Annotator "NA"]
[PlyCount "91"]
[EventDate "2019.12.27"]
[EventType "team-tourn"]
[EventRounds "7"]
[EventCountry "GER"]
[SourceTitle "playchess.com"]
[Source "ChessBase"]
[SourceQuality "1"]
[WhiteTeam "Lübecker SV"]
[BlackTeam "USV TU Dresden"]
[TimeControl "40/5400+30:1800+30"]

1. Nf3 {[%emt 0:00:00]} Nf6 {[%emt 0:00:00]} 2. c4 {[%emt 0:00:00]} g6 {[%emt 0:00:00]} 3. d4 {[%emt 0:00:01]} Bg7 {[%emt 0:00:07]} 4. g3 {[%emt 0:00:09]} O-O {[%emt 0:01:42]} 5. Bg2 {[%emt 0:00:04]} d6 {[%emt 0:00:13]} 6. Nc3 {[%emt 0:00:05]} c5 {[%emt 0:00:59]} 7. O-O {[%emt 0:00:23]} Nbd7 {[%emt 0:01:52]} 8. Qc2 {[%emt 0:02:53]} cxd4 {[%emt 0:05:46]} 9. Nxd4 {[%emt 0:00:27]} Nc5 {[%emt 0:00:32]} 10. Rd1 {[%emt 0:04:39]} a6 {[%emt 0:02:32]} 11. Nb3 {[%emt 0:08:50]} Qc7 {[%emt 0:02:23]} 12. Nxc5 {[%emt 0:07:33]} Qxc5 {[%emt 0:00:51]} 13. Na4 {[%emt 0:02:41]} Qc7 {[%emt 0:01:02]} 14. Be3 {[%emt 0:02:24]} Bd7 {[%emt 0:03:33]} 15. Nb6 {[%emt 0:13:41]} Rab8 {[%emt 0:00:36]} 16. Nxd7 {[%emt 0:00:10]} Nxd7 {[%emt 0:02:47]} 17. Rac1 {[%emt 0:01:05]} Rfc8 18. Qd2 {[%emt 0:07:05]} Rd8 {[%emt 0:07:42]} 19. b3 {[%emt 0:06:24]} Rbc8 {[%emt 0:07:54]} 20. Qb4 {[%emt 0:05:29]} b6 {[%emt 0:03:16]} 21. Bh3 {[%emt 0:01:28]} Rb8 {[%emt 0:05:12]} 22. Qd2 {[%emt 0:02:40]} Rb7 {[%emt 0:03:20]} 23. Bg2 {[%emt 0:00:17]} Rbb8 {[%emt 0:00:18]} 24. h4 {[%emt 0:02:39]} Nf6 {[%emt 0:02:03]} 25. Bf3 {[%emt 0:03:30]} h5 {[%emt 0:00:56]} 26. Qd3 {[%emt 0:04:34]} a5 {[%emt 0:01:52]} 27. a3 {[%emt 0:02:00]} Nd7 {[%emt 0:07:55]} 28. Qb1 {[%emt 0:04:59]} Ne5 {[%emt 0:02:40]} 29. Bg2 {[%emt 0:00:31]} Ng4 {[%emt 0:00:28]} 30. Bg5 {[%emt 0:04:06]} Qc5 {[%emt 0:02:15]} 31. e3 {[%emt 0:01:32]} f6 {[%emt 0:03:47]} 32. Bd5+ {[%emt 0:00:11]} Kh7 {[%emt 0:00:57]} 33. Bf7 {[%emt 0:04:41]} Ne5 {[%emt 0:00:21]} 34. Rd5 {[%emt 0:00:34]} Nxf7 {[%emt 0:00:32]} 35. Rxc5 {[%emt 0:00:20]} bxc5 {[%emt 0:00:10]} 36. g4 {[%emt 0:01:55]} fxg5 {[%emt 0:01:09]} 37. gxh5 {[%emt 0:00:09]} Nh8 {[%emt 0:00:32]} 38. hxg5 {[%emt 0:00:34]} Rf8 {[%emt 0:01:42]} 39. h6 {[%emt 0:00:33]} Be5 {[%emt 0:00:54]} 40. f4 {[%emt 0:01:21]} Bxf4 {[%emt 0:00:29]} 41. exf4 {[%emt 0:30:06]} Rxf4 {[%emt 0:30:25]} 42. Re1 {[%emt 0:04:01]} e5 {[%emt 0:01:37]} 43. Qd1 {[%emt 0:00:00]} Rd4 {[%emt 0:00:00]} 44. Qf3 {[%emt 0:00:00]} Rf4 {[%emt 0:00:00]} 45. Qh3 {[%emt 0:00:00]} Rf5 {[%emt 0:00:00]} 46. Qe3 {[%emt 0:00:00] normal} 1/2-1/2